Top 10 Sevilla Starting XI - Statistics

General Stats
  • This quiz has been taken 528 times
    482 since last reset
  • The average score is 27 of 62
Answer Stats
Team Player % Correct
2020-21, 2021-22 Yassine Bounou
95%
2013-14, 2020-21, 2021-22 Ivan Rakitić
94%
2005-06, 2006-07, 2007-08, 2008-09, 2019-20, 2020-21, 2021-22 Jesús Navas
84%
2019-20, 2020-21, 2021-22 Jules Koundé
83%
2019-20, 2020-21, 2021-22 Lucas Ocampos
79%
2020-21, 2021-22 Marcos Acuña
79%
2013-14, 2014-15 Carlos Bacca
76%
2019-20, 2020-21, 2021-22 Diego Carlos
76%
2020-21 Youssef En-Nesyri
76%
2019-20, 2020-21, 2021-22 Fernando
74%
2013-14 Kévin Gameiro
66%
2019-20 Tomáš Vaclík
65%
2005-06, 2006-07, 2007-08 Dani Alves
62%
2014-15, 2019-20 Éver Banega
62%
2014-15 Grzegorz Krychowiak
62%
2019-20 Luuk de Jong
62%
2020-21 Suso
62%
2005-06, 2006-07, 2007-08, 2008-09 Frédéric Kanouté
61%
2021-22 Papu Gómez
57%
2006-07, 2007-08, 2008-09 Luís Fabiano
53%
2014-15, 2016-17 Sergio Rico
53%
2019-20, 2020-21, 2021-22 Joan Jordán
50%
2016-17 Wissam Ben Yedder
50%
2013-14 Beto
48%
2005-06, 2006-07, 2007-08, 2008-09 Andrés Palop
47%
2006-07, 2008-09 Julien Escudé
44%
2019-20 Óliver Torres
44%
2016-17 Steven Nzonzi
42%
2021-22 Rafa Mir
41%
2013-14, 2014-15 Daniel Carriço
40%
2014-15 Benoît Trémoulinas
38%
2013-14 Federico Fazio
37%
2007-08 Seydou Keita
37%
2013-14, 2014-15 Coke
36%
2016-17 Sergio Escudero
35%
2006-07, 2007-08 Christian Poulsen
34%
2019-20 Sergio Reguilón
34%
2013-14, 2014-15 Vitolo
33%
2005-06, 2006-07, 2007-08, 2008-09 Adriano
32%
2016-17 Samir Nasri
30%
2016-17 Franco Vázquez
27%
2016-17 Gabriel Mercado
27%
2005-06, 2006-07 Javi Navarro
27%
2016-17 Mariano
27%
2008-09 Fernando Navarro
26%
2013-14, 2014-15, 2016-17 Nicolás Pareja
26%
2016-17 Pablo Sarabia
26%
2013-14, 2014-15 Vicente Iborra
26%
2005-06 José Luis Martí
25%
2005-06, 2007-08 Ivica Dragutinović
24%
2006-07, 2008-09 Renato
24%
2013-14 Alberto Moreno
23%
2006-07 Antonio Puerta
23%
2014-15 Aleix Vidal
22%
2005-06 Enzo Maresca
21%
2005-06 Javier Saviola
19%
2007-08 Diego Capel
18%
2008-09 Romaric
17%
2008-09 Sébastien Squillaci
15%
2007-08 Aquivaldo Mosquera
10%
2005-06 David Castedo
9%
2008-09 Aldo Duscher
6%
No matching quizzes found
Score Distribution
Percent of People with Each Score
Percentile by Number Answered
Your Score History
You have not taken this quiz since the last reset